000 01583cam a2200517 a 4500
001 22262
003 VRT
005 20260324150650.0
008 240318s2016 xo g 000 f slo
015 _aSNBA2016/05
020 _a9788055146805
_q(viaz.)
035 _aE09E77F7-42A3-4C86-BA96-0DEB85644DB0
035 _aurn:nbn:sk:snk-amllfq
035 _aurn:nbn:sk:snk-am00bf7d
039 9 _a202403182111
_bVLOAD
_c201707060813
_dVLOAD
_c201612060952
_dmtotk19
_c201605271458
_dcsnk08
040 _aTTKJF
_bslo
_cTTKJF
_dSNK
_eAACR2
041 0 _aslo
044 _axo
_cSK
072 7 _a821.162.4-3
_xSlovenská próza
_2konspekt
080 _a821.162.4-31
_22011
100 1 _aBoldišová, Andrea,
_d1976-
_4aut
245 1 0 _aIzba plná spomienok
_cAndrea Boldišová
250 _a1. vyd.
260 _aBratislava
_bIkar
_c2016
300 _a260 s.
_c21 cm
655 7 _aslovenské romány
_2SNKPH
655 7 _aSlovak fiction
_2SNKPHeng
910 _attkjf
910 _avthk
910 _apokpoh
910 _ahevk
910 _abjkdg
910 _apppk
910 _askpk
910 _asnk
910 _asllk
910 _asavuk
910 _atotk
942 _2ddc
_cKLDO
_n0
949 _62889309799
_asavukPV 22215
_bsavuk2016/1307
949 _6270001000529162
_asvkbbA 147590
_bsvkbbm 760672
949 _617A1194092
_asnkSC 169545
_bsnk2016/11245
_o833/16
_s6100:20160531
949 _617A1194093
_asnkSC 169545 D1
_bsnk2016/11246
_o833/16
949 _6273K0604103
_asvkpoA 231018
_bsvkpo602081
999 _c22262
_d22262